000 01040cam a22003013a 4500
001 6733
003 PGUSA
005 20140828083136.0
008 041001s2004||||xxu|||||s|||||000 | eng d
040 _aPGUSA
_beng
042 _adc
050 4 _aBX
100 1 _aVincent de Paul, Father,
_d1768-1853
245 1 0 _aMemoir of Father Vincent de Paul; religious of La Trappe
_h[electronic resource] /
_cFather Vincent de Paul
260 _bProject Gutenberg,
_c2004
506 _aPublic domain in the USA.
516 _aElectronic text
653 _aTrappists -- Nova Scotia -- History -- 19th century
653 _aVincent de Paul, Father, 1768-1853
653 _aMissionaries -- Nova Scotia -- Biography
653 _aNova Scotia -- History
653 _aIndians of North America -- Nova Scotia
653 _aTrappists -- United States -- History -- 19th century
653 _aCatholic Church -- Missions -- Nova Scotia
830 0 _aProject Gutenberg
_v6733
856 4 0 _uhttp://www.gutenberg.org/ebooks/6733
942 _cEB
999 _c236053
_d236053